000 00503nam a2200169Ia 4500
999 _c3512
_d3512
003 GBCCL
005 20241126110456.0
008 171128b xxu||||| |||| 00| 0 eng d
040 _cgbc
082 _a262.1
_bWAR
100 _aWarner, Colin P.
_96678
245 _aCommand Performance:
_bChristian Discipleship and Biblical Leadership /
_cColin P. Warner
260 _bMission Educational Books,
_aChennai:
_c2004
300 _a123p.;
_c20 cm.
650 _aChristian Leadership
_91568
942 _2ddc
_cBK
_03